00454nam a2200157Ia 45000010006000000050017000060080041000230410008000640820022000721000031000942450139001252600009002643000007002736500008002806540008002881730220260306171507.0260306s9999||||xx |||||||||||||| ||und|| aESP a657.61bI61D 2011 aAyala Zavala, PascualeAUT 0aAplicación práctica de las normas internacionales de información financiera (NIIF, NIC, CINIIF y SIC):banálisis y comentarios c2011 ac aGEN aCCO